000 00730nam a2200289Ia 4500
005 20260324141327.0
008 008 260324s9999 xx 000 0 eng d
020 _a9781315000251
037 _aEBOOK
040 _aCRL
040 _beng
040 _cCRL
041 _2eng
041 _aeng
084 _qCRL
100 _aSally Hardy; Paul Lawless; Ron Martin
_91207781
245 0 _aUnemployment and Social Exclusion
245 0 _bLandscapes of Labour inequality and Social Exclusion
260 _bTaylor and Francis
260 _c1997
365 _a
365 _b89.99
856 _uhttp://www.taylorfrancis.com/books/9781315000251
942 _cEBOOK
999 _c1810740
_d1810740